La medida del éxito : ¿Quién es el modelo de superación más grande en la historia? (Registro nro. 60674)
[ vista simple ]
| 000 -LÍDER | |
|---|---|
| Campo fijo de descripción fija | 007770000a22001210004500 |
| 100 1# - ASIENTO PRINCIPAL--NOMBRE PERSONAL | |
| Nombre personal | Simpson, Charles |
| 245 10 - TÍTULO | |
| Título del Material | La medida del éxito : ¿Quién es el modelo de superación más grande en la historia? |
| 300 ## - DESCRIPCIÓN FÍSICA | |
| Extensión | Vol.4, núm.13 (1998), Páginas 194-196 |
| 500 ## - NOTA GENERAL | |
| Nota General | Charles Simpson es maestro con un ministerio internacional y director de la revista Christian Conquest. |
| 773 0# - HOST ITEM ENTRY | |
| Title | Conquista Cristiana |
| 942 ## - TIPO DE MATERIAL (KOHA) | |
| Tipo de Item KOHA | Artículos de Revista |
| Estado de Material | Estado de Perdido | Estado de Dañado | No para Préstamo | Colección | Biblioteca de Origen | Biblioteca Permanente | Fecha de Adquisición | Total de Préstamos | Signatura Topográfica | Última vez visto | Fecha de Remplazo | Tipo de Material |
|---|---|---|---|---|---|---|---|---|---|---|---|---|
| Colección de Hemeroteca | Biblioteca FUSBC | Biblioteca FUSBC | 26/01/2016 | 26/01/2016 | 26/01/2016 | Artículos de Revista |
